| 000 | 00973nam a2200313 c 4500 | ||
|---|---|---|---|
| 001 | 188084 | ||
| 003 | BLK | ||
| 005 | 20240731160652.0 | ||
| 008 | 180411b bul|||||r ||||||| ||bul|| | ||
| 010 | _aKNG00197102000 | ||
| 040 | _aBLK | ||
| 041 |
_aBUL _cBUL |
||
| 080 |
_aБългарска литература _b821.163.2 _x-4 _z821.163.2-4 |
||
| 100 | 1 |
_aТончев, Теньо _9369574 |
|
| 139 |
_aТончев, Теньо _bТ 73 |
||
| 245 | 1 | 0 |
_aВъзхвала на старите майстори _bХудож. публицистика _cТеньо Тончев. |
| 257 | _aBGR | ||
| 260 |
_bПрофиздат _c1986(1987) |
||
| 300 |
_a120 с. _c20 см |
||
| 380 | _aX | ||
| 500 | _a4 500 тир. | ||
| 852 | _aЦб 146225 | ||
| 856 | 4 | _qpdf | |
| 856 | 4 | _qpdf | |
| 942 |
_cKNG _n0 |
||
| 944 |
_aCR _c30.11.2016 _k30549 _lВася Ганчева |
||
| 944 |
_aED _c30.11.2016 _kРадостина_Карадакова |
||
| 999 |
_c188084 _d188084 |
||
| 999 | _d188084 | ||